Feminism : (Record no. 10852)

MARC details
000 -LEADER
fixed length control field 00472cam a2200181ua 4500
008 - FIXED-LENGTH DATA ELEMENTS--GENERAL INFORMATION
fixed length control field 200218n ii |||gr||||Z||||||eng
020 ## - INTERNATIONAL STANDARD BOOK NUMBER
International Standard Book Number 9789385756320
040 ## - CATALOGING SOURCE
Transcribing agency MAIN
082 ## - DEWEY DECIMAL CLASSIFICATION NUMBER
Classification number 305.4
100 ## - MAIN ENTRY--PERSONAL NAME
Personal name Robin Hissang Tadung,
Relator term
245 ## - TITLE STATEMENT
Title Feminism :
Remainder of title Theory and practice /
Statement of responsibility, etc. By Robin Hissang Tadung .
250 ## - EDITION STATEMENT
Edition statement 1st ed.
260 ## - PUBLICATION, DISTRIBUTION, ETC.
Place of publication, distribution, etc. Meerut:
Name of publisher, distributor, etc. Balaji publications,
Date of publication, distribution, etc. 2019.
300 ## - PHYSICAL DESCRIPTION
Extent 288p.
942 ## - ADDED ENTRY ELEMENTS (KOHA)
Koha item type Books
653 ## - INDEX TERM--UNCONTROLLED
Uncontrolled term Social groups
Holdings
Withdrawn status Lost status Damaged status Not for loan Home library Current library Shelving location Date acquired Total Checkouts Full call number Barcode Date last seen Date last checked out Copy number Price effective from Koha item type Source of classification or shelving scheme Collection code Cost, normal purchase price
        Central Library, Naharkatiya College Central Library, Naharkatiya College General Stacks 19/09/2020 1 305.4 | TAD 28284 21/10/2021 09/10/2021 1 19/09/2020 Books      
        Central Library, Naharkatiya College Central Library, Naharkatiya College General Stacks 01/02/2022   305.4 28809 01/02/2022   2 01/02/2022 Books Dewey Decimal Classification English 895.00

Naharkatiya College © 2020. All rights reserved.

Powered By